Competencias y profesionalización
Gardado en:
| Formato: | Libro |
|---|---|
| Idioma: | Lingua castelá |
| Publicado: |
Sevilla
Sociedad Iberoamericana de Pedagogía Social
2009
|
| Edición: | 1a. ed |
| Series: | Pedagogía Social Revista Interuniversitaria, 16
|
| Subjects: | |
| Tags: |
Engadir etiqueta
Sen Etiquetas, Sexa o primeiro en etiquetar este rexistro!
|
MARC
| LEADER | 00000cam a2200000 a 4500 | ||
|---|---|---|---|
| 001 | UCE4660 | ||
| 003 | CL-VaPUC | ||
| 008 | 141107e20090000sp |||||||||||||||||spa|d | ||
| 082 | 0 | 4 | |a 371.102 |b COM |2 21 |
| 245 | 1 | 0 | |a Competencias y profesionalización |
| 250 | |a 1a. ed | ||
| 300 | |a 187 p | ||
| 942 | |c BK | ||
| 945 | |d 20141107 12:15:00 |a dcastane | ||
| 260 | |a Sevilla |b Sociedad Iberoamericana de Pedagogía Social |c 2009 | ||
| 650 | 0 | |a Formación profesional de profesores |9 307493 | |
| 650 | 7 | |a COMPETENCIAS DOCENTES |2 CL-VaPUC |9 550037 | |
| 650 | 0 | |a Evaluación de la educación |9 237505 | |
| 583 | |a last modification |c 20141107 12:15:00 |k Rodrigo Vera | ||
| 490 | 0 | |a Pedagogía Social Revista Interuniversitaria, 16 | |
| 999 | |c 357540 |d 357538 | ||
| 952 | |0 0 |1 0 |3 erb |4 0 |6 371_102000000000000_COM_2009 |7 0 |8 A |9 465565 |a BIBEDU |b BIBEDU |i 5122317 |o 371.102 COM 2009 |p 5122317 |r 2019-11-23 |w 2019-11-23 |y BK |z Catalogado en:20141107 |k EPE | ||